01253nab a22002177a 4500003000400000005001700004008004100021040000700062100003100069245011700100260007300217300001500290500007100305505033500376505008900711650002900800650002400829650002200853650002800875773013200903OSt20251226212641.0190603e xxum|||| |||| 00| 0 spa d cPJ aMarcos, Guillermo Andrés10aConcurso preventivo. Créditos con privilegio especial. Oponibilidad del acuerdo / cGuillermo Andrés Marcos. cCiudad Autónoma de Buenos Aires :aThomson Reuters La Ley, b2025. ap. 107-112 aCita: TR LALEY AR/DOC/1042/2025 Publicado en: RCCyC 2025 (junio). aSumario: I. De la cuestión en debate.— II. De la legislación antecedente.— III. De la categorización.— IV. De la igualdad.— V. Procedimiento colectivo y universal.— VI. Principio de conservación de la empresa.— VII. Prevalencia de los arts. 44 y 47 LCQ.— VIII. Prevalencia del art. 56 LCQ.— IX. Colofón.  t¿Te interesa el texto completo? Solicitalo al correo: koha@justierradelfuego.gov.ar 0aCODIGO CIVIL Y COMERCIAL 0aCONCURSO PREVENTIVO 0aDERECHO CONCURSAL 0aPRIVILEGIOS CONCURSALES0 02713dCiudad Autónoma de Buenos Aires : Thomson Reuters La Ley, 2015-tRevista Código Civil y Comercial. Nº 3 - Junio 2025